Ładuje się......

Psychology for layman

Opis bibliograficzny
1. autor: Hanymantha Rao, N A
Format: Printed Book
Język:English
Hasła przedmiotowe:
LEADER 00355nam a2200109Ia 4500
008 101008s9999 xx 000 0 eng d
100 |a Hanymantha Rao, N A 
245 |a Psychology for layman 
650 |a Educational Psychology 
942 |c BK 
999 |c 180517  |d 180517 
952 |0 0  |1 0  |2 ddc  |4 1  |7 0  |9 199809  |a EDU  |b EDU  |c ST1  |d 2010-10-20  |i 1967  |l 0  |p EDU1967  |r 2010-10-20  |w 2010-10-20  |y BK